England County Quiz - Merseyside - Statistics

General Stats
  • This quiz has been taken 254 times
  • The average score is 11 of 15
Answer Stats
Hint Answer % Correct
County town Liverpool
99%
The 'Fab Four' who came from the above city Beatles
98%
River which is synonymous with the city Mersey
97%
Name given to the accent associated with the county, especially the above city Scouse
95%
Football club whose home ground is at Goodison Park Everton
90%
One of a pair on top of the Royal Liver Building, this mythical creature is a symbol of the city Liver {Bird}
87%
Gerry and the Pacemakers sang about this type of transport on the above river Ferry
83%
Singer and TV presenter from Merseyside who had a hit with 'Anyone Who Had a Heart' Cilla Black
80%
Venue with which the Fab Four are particularly associated {Cavern} Club
77%
Home of the Grand National steeplechase horse race Aintree
73%
Rectangular shaped peninsula which has the River Dee to the west Wirral
70%
Large seaside town in the north of the county Southport
65%
St Helens is home to a professional Rugby League club commonly known by this name The Saints
40%
Crosby Beach is home to 'Another Place' comprising 100 cast iron figures created by this artist Antony Gormley
37%
Golf course in the north of the county that is a regular host of 'The Open Championship' Royal {Birkdale}
31%
No matching quizzes found
Score Distribution
Percent of People with Each Score
Percentile by Number Answered
Your Score History
You have not taken this quiz